| 000 -LEADER |
| fixed length control field |
00636nam a22001937a 4500 |
| 008 - FIXED-LENGTH DATA ELEMENTS--GENERAL INFORMATION |
| fixed length control field |
131111b xxu||||| |||| 00| 0 ger d |
| 020 ## - INTERNATIONAL STANDARD BOOK NUMBER |
| International Standard Book Number |
385428389X |
| 041 0# - LANGUAGE CODE |
| Language code of text/sound track or separate title |
ger |
| 080 ## - UNIVERSAL DECIMAL CLASSIFICATION NUMBER |
| Universal Decimal Classification number |
334.72 |
| 100 1# - Rafti |
| Rafti |
Trefelik, Rainer |
| 245 10 - TITLE STATEMENT |
| Title |
Erfolgsfaktoren für den generationenwechsel : |
| Statement of responsibility, etc |
Rainer Trefelik |
| 260 ## - |
| -- |
Wien : |
| -- |
Fachverlag ; |
| -- |
1998. |
| 300 ## - |
| -- |
280 f. ; |
| -- |
24 cm. |
| 490 ## - |
| -- |
Forschungsergebnisse der wirtschaftsuniversitat Wien |
| 500 ## - |
| -- |
Geleiwort : f .5 |
| 505 ## - |
| -- |
Bibliographie : f. 227-241 |
| 650 ## - |
| -- |
Biznesi |
| 942 ## - ADDED ENTRY ELEMENTS (KOHA) |
| Source of classification or shelving scheme |
|
| Item type |
Books |